书目信息 |
| 题名: |
建筑与外部环境
|
|
| 作者: | 张建涛 , 刘绍军 编著 | |
| 分册: | ||
| 出版信息: | 天津 天津大学出版社 2002.08 |
|
| 页数: | 258页 | |
| 开本: | 26cm | |
| 丛书名: | ||
| 单 册: | ||
| 中图分类: | TU-856 | |
| 科图分类: | ||
| 主题词: | 建筑艺术--关系 | |
| 电子资源: | ||
| ISBN: | 7-5618-1601-4 | |
| 000 | 00619nam0 2200205 45 | |
| 001 | 0460236448 | |
| 005 | 2004051016435640 | |
| 010 | @a7-5618-1601-4@dCNY 75.00 | |
| 100 | @a20040510d2002 km y0chiy0120 ea | |
| 101 | 0 | @achi |
| 102 | @aCN@b120000 | |
| 200 | 1 | @a建筑与外部环境@AJian Zhu Yu Wai Bu Huan Jing@f张建涛,刘绍军编著@FZhang Jian Tao,Liu Shao Jun Bian Zhu |
| 210 | @a天津@c天津大学出版社@d2002.08 | |
| 215 | @a258页@d26cm | |
| 606 | 0 | @a建筑艺术@x关系 |
| 690 | @aTU-856@v3 | |
| 701 | 0 | @a张建涛@AZhang Jian Tao@4编著 |
| 701 | 0 | @a刘绍军@ALiu Shao Jun@4编著 |
| 801 | 0 | @aCN@bPFT@c20040510 |
| 905 | @dTU-856@eZ126 | |
| 建筑与外部环境/张建涛,刘绍军编著.-天津:天津大学出版社,2002.08 |
| 258页;26cm |
| ISBN 7-5618-1601-4:CNY 75.00 |
| ● |
| 相关链接 |
|
|
|
正题名:建筑与外部环境
索取号:TU-856/Z126
 
预约/预借
| 序号 | 登录号 | 条形码 | 馆藏地/架位号 | 状态 | 备注 |
| 1 | 392793 | 203927938 | 建筑库101/ [索取号:TU-856/Z126] | 在馆 | |
| 2 | 392794 | 203927947 | 建筑库101/101建筑库 19排2列1层/ [索取号:TU-856/Z126] | 在馆 | |
| 3 | 392795 | 203927956 | 建筑库101/201建筑库 55排5列5层/ [索取号:TU-856/Z126] | 在馆 |